|
|
|
|
| LEADER |
00989nam a2200265 a 4500 |
| 001 |
28437 |
| 003 |
BD-DhAAL |
| 005 |
20141022144854.0 |
| 008 |
141022r20041889enk 001 0 eng d |
| 010 |
|
|
|a 26011871
|
| 020 |
|
|
|a 9847002001397
|
| 040 |
|
|
|a DLC
|c CSfSt
|d CSfSt
|d CSdP
|d DLC
|d BD-DhAAL
|
| 082 |
0 |
4 |
|a 824.3
|2 20
|
| 100 |
1 |
|
|a Bacon, Francis,
|d 1561-1626.
|9 5797
|
| 245 |
1 |
0 |
|a Bacon's Essays /
|c Introduction and notes by F.G. Selby
|
| 260 |
|
|
|a Dhaka,
|b Friends book Corner :
|c 2011
|
| 300 |
|
|
|a xl, 408 p. ;
|c 18 cm.
|
| 490 |
|
|
|a Friends Classics
|
| 541 |
1 |
|
|e 28437
|
| 650 |
|
0 |
|a English essays
|y Early modern,1500-1700.
|9 5798
|
| 700 |
1 |
|
|a Selby, Francis Guy,
|d 1852-
|9 5799
|
| 852 |
4 |
|
|a Ayesha Abed Library
|j General shelf
|
| 942 |
|
|
|2 ddc
|c BK
|
| 999 |
|
|
|c 32973
|d 32973
|
| 952 |
|
|
|0 0
|1 0
|2 ddc
|4 0
|6 824_300000000000000_BAC
|7 0
|9 43917
|a BRACUL
|b BRACUL
|c GEN
|d 2014-10-22
|e Friends Book Corner
|l 0
|o 824.3 BAC
|p 3010028437
|r 2014-10-22
|t 1
|w 2014-10-22
|y BK
|x Transferred from BIL to BRACUL on 06/06/22
|